[Event "Lisbon Portugal rapid 2op"]
[Site "Lisbon"]
[Date "2020.02.02"]
[Round "1"]
[White "Lekic, Dusan"]
[Black "Silva, Tiago Miguel Gomes"]
[Result "1-0"]
[WhiteElo "2343"]
[BlackElo "1995"]
[PlyCount "101"]
[EventDate "2020.01.02"]
[EventType "swiss (rapid)"]
[EventRounds "8"]
[EventCountry "POR"]
[SourceTitle "CBM 194 Extra"]
[Source "ChessBase"]
[SourceDate "2020.03.31"]
[SourceVersion "1"]
[SourceVersionDate "2020.03.31"]
[SourceQuality "1"]

1. d4 Nf6 2. c4 e6 3. Nf3 d5 4. g3 Be7 5. Bg2 0-0 6. 0-0 dxc4 7. Qc2 a6 8. a4 Bd7 9. Qxc4 Bc6 10. Bg5 Bd5 11. Qc2 Be4 12. Qc1 h6 13. Bxf6 Bxf6 14. Nbd2 Bc6 15. Rd1 a5 16. Nc4 Bd5 17. Qc2 Nc6 18. e4 Nb4 19. Qe2 Bxc4 20. Qxc4 c6 21. h4 Rc8 22. h5 Qb6 23. Rd2 Rfd8 24. Rad1 Rc7 25. Bh3 Rcd7 26. b3 Qa6 27. Qc3 Qb6 28. Qe3 Na6 29. g4 c5 30. d5 exd5 31. exd5 Re7 32. Qd3 Nb4 33. Qf5 Qd6 34. Bf1 Qd7 35. Qxd7 Rdxd7 36. d6 Re4 37. Nh2 Be5 38. Bb5 Rd8 39. f3 Rd4 40. d7 Rxd2 41. Rxd2 Bd4+ 42. Kg2 Nd5 43. Kg3 Be5+ 44. Kg2 Nf4+ 45. Kh1 Bd4 46. Nf1 Bc3 47. Rd1 Bd4 48. Ng3 Nd5 49. Nf5 f6 50. Re1 Be5 51. Bc4 1-0

[Event "Lisbon Portugal rapid 2op"]
[Site "Lisbon"]
[Date "2020.02.02"]
[Round "3"]
[White "Pires, Emanuel Joao Robart"]
[Black "Silva, Tiago Miguel Gomes"]
[Result "0-1"]
[WhiteElo "2112"]
[BlackElo "1995"]
[PlyCount "114"]
[EventDate "2020.01.02"]
[EventType "swiss (rapid)"]
[EventRounds "8"]
[EventCountry "POR"]
[SourceTitle "CBM 194 Extra"]
[Source "ChessBase"]
[SourceDate "2020.03.31"]
[SourceVersion "1"]
[SourceVersionDate "2020.03.31"]
[SourceQuality "1"]

1. e4 c5 2. d4 cxd4 3. c3 g6 4. Bc4 e6 5. Nf3 Nc6 6. 0-0 Bg7 7. cxd4 Nge7 8. Bg5 h6 9. Bf4 d5 10. exd5 Nxd5 11. Bxd5 Qxd5 12. Nc3 Qf5 13. Bd6 Bf8 14. Bxf8 Kxf8 15. Rc1 Kg7 16. d5 exd5 17. Nd4 Qg4 18. Nxc6 Qxd1 19. Nxd1 bxc6 20. Rxc6 Be6 21. Nc3 Rab8 22. b3 Rhc8 23. Rxc8 Rxc8 24. Nb5 Kf6 25. a4 a6 26. Nd4 Rc3 27. Rb1 Bd7 28. Rd1 Bg4 29. f3 Be6 30. Kf2 Ke5 31. Rd2 h5 32. Ke2 g5 33. Kf2 h4 34. Ke2 Kd6 35. Rd3 Rxd3 36. Kxd3 Kc5 37. Kc3 a5 38. Nc2 Bd7 39. Ne1 Bf5 40. f4 g4 41. h3 gxh3 42. gxh3 d4+ 43. Kd2 Bxh3 44. Nf3 Be6 45. Nxh4 Bxb3 46. Nf3 f6 47. Kd3 Bc4+ 48. Kd2 Bd5 49. Ne1 Be4 50. Nd3+ Bxd3 51. Kxd3 f5 52. Kd2 Kc4 53. Kc2 d3+ 54. Kd2 Kd4 55. Kd1 Ke3 56. Ke1 Kxf4 57. Kd2 Ke4 0-1

[Event "Braga district-ch"]
[Site "Braga"]
[Date "2006.05.26"]
[Round "3"]
[White "Silva, Tiago Miguel Gomes"]
[Black "Lemos, Artur Jorge Capela"]
[Result "1-0"]
[WhiteElo "2006"]
[BlackElo "1747"]
[PlyCount "77"]
[EventDate "2006.05.19"]
[EventType "swiss"]
[EventRounds "9"]
[EventCountry "POR"]
[SourceTitle "EXT 2008"]
[Source "ChessBase"]
[SourceDate "2007.11.25"]
[SourceVersion "1"]
[SourceVersionDate "2007.11.25"]
[SourceQuality "1"]

1. e4 e6 2. d4 d5 3. exd5 exd5 4. c4 c6 5. Nc3 Bb4 6. a3 Bxc3+ 7. bxc3 Be6 8. c5 Ne7 9. Bf4 Nd7 10. Bd3 Bf5 11. Be2 0-0 12. Nf3 Ng6 13. Bd6 Re8 14. 0-0 Nf6 15. Nd2 Qa5 16. Nb3 Qxc3 17. Rc1 Qb2 18. Bd3 Bxd3 19. Qxd3 Qxa3 20. Bc7 b6 21. cxb6 axb6 22. Rxc6 Rac8 23. Bd6 Qa7 24. Qb5 Rxc6 25. Qxc6 Qd7 26. Qxb6 Ne4 27. Bb4 Re6 28. Qa5 h6 29. f3 Nf6 30. Nc5 Qe8 31. Nxe6 Qxe6 32. Re1 Qf5 33. Qa8+ Kh7 34. Qa7 Nf4 35. Bd6 Ne6 36. Qxf7 Nxd4 37. Be5 Nh5 38. Qxf5+ Nxf5 39. g4 1-0

[Event "Braga district-ch"]
[Site "Braga"]
[Date "2006.05.19"]
[Round "1"]
[White "Silva, Tiago Miguel Gomes"]
[Black "Gomes, Miguel"]
[Result "1/2-1/2"]
[WhiteElo "2006"]
[BlackElo "1576"]
[PlyCount "37"]
[EventDate "2006.05.19"]
[EventType "swiss"]
[EventRounds "9"]
[EventCountry "POR"]
[SourceTitle "EXT 2008"]
[Source "ChessBase"]
[SourceDate "2007.11.25"]
[SourceVersion "1"]
[SourceVersionDate "2007.11.25"]
[SourceQuality "1"]

1. e4 c6 2. d4 d6 3. Nc3 g6 4. Be3 Bg7 5. Nf3 Nf6 6. Qd2 Ng4 7. Bg5 Nd7 8. h3 Ngf6 9. Bh6 0-0 10. Bxg7 Kxg7 11. Be2 Qc7 12. 0-0-0 b5 13. Bd3 a5 14. g4 b4 15. Na4 c5 16. Qe2 cxd4 17. Nxd4 Ne5 18. Bb5 Bd7 19. Bxd7 1/2-1/2